000 00788nam a2200217Ia 4500
001 16277
003 GE_BSU
008 181216s||||||||xx |||||||||||||| ||und||
040 _cGE_BSU
080 _a347.961(479.22)
245 _aსანოტარო სამართალი
245 _bნორმატიული აქტების კრებული : ცვლილებებითა და დამატებებით 2010 წლის 1 ნოემბრამდე.
260 _aთბილისი.
260 _bბონა კაუზა
260 _c2010
300 _a228გვ;20სმ.
541 _h12ლ.
653 _aსამართალი
653 _aსანოტარო სამართალი
942 _cBK
999 _c49360
_d49360